| 000 | 00743nam a22002177a 4500 | ||
|---|---|---|---|
| 005 | 20260418123155.0 | ||
| 008 | 260418b |||||||| |||| 00| 0 eng d | ||
| 020 |
_a978-81-19679-06-5 _c400.00 |
||
| 040 | _aMAIN | ||
| 041 | _aasm | ||
| 082 |
_a323 _bGOH |
||
| 100 |
_aGohain, N _qNabin |
||
| 245 |
_aতুলনামূলক চৰকাৰ আৰু ৰাজনীতিৰ পৰিচয় _bTulanamulak Sarkar aru Rajnitir Parichay / Introduction to Comparative Governement and Politics |
||
| 250 | _a2nd Revised Ed. | ||
| 260 |
_aJorhat _bBidya Bhawan _c2025 |
||
| 300 |
_a487 p. ; _c15 x 20 cm |
||
| 505 | _a4th sem NEP Major Minor | ||
| 650 | _aPolitical Science | ||
| 700 | _bBorah, Pankaj | ||
| 942 |
_2ddc _cBK |
||
| 999 |
_c16370 _d16370 |
||